The word is sacred sacred is the word: (Record no. 69725)

MARC details
000 -LEADER
fixed length control field 00846nam a22002057a 4500
005 - DATE AND TIME OF LATEST TRANSACTION
control field 20120905120353.0
010 ## - LCCN (DPL NO)
LC control number B-463642
020 ## - INTERNATIONAL STANDARD BOOK NUMBER
International Standard Book Number 9788189738228
035 ## - SYSTEM CONTROL NUMBER
System control number B-463642
037 ## - SOURCE OF ACQUISITION
Stock number dpl
Source of stock number/acquisition RBC Pub/Ven
082 ## - DEWEY DECIMAL CLASSIFICATION NUMBER
Classification number 745.6707454
100 ## - MAIN ENTRY--PERSONAL NAME
Personal name Goswamy, B.N.
245 ## - TITLE STATEMENT
Title The word is sacred sacred is the word:
Remainder of title the Indian manuscript tradition/
Statement of responsibility, etc by B.N. Goswamy
260 ## - PUBLICATION, DISTRIBUTION, ETC. (IMPRINT)
Place of publication, distribution, etc New Delhi
Name of publisher, distributor, etc Niyogi Books
Date of publication, distribution, etc 2007
270 ## - ADDRESS
Address D-78, Okhla Industrial Area, Phase-I
City New Delhi
Postal code 110020
300 ## - PHYSICAL DESCRIPTION
Extent 203p.
Other physical details ill. Coloured
Dimensions 22cm. (Hb)
942 ## - ADDED ENTRY ELEMENTS (KOHA)
Source of classification or shelving scheme Dewey Decimal Classification
Item type English Books
Call number suffix GOS
Call number prefix 745.6707454
Holdings
Withdrawn status Lost status Not for loan Collection code Home library Current library Date acquired Source of acquisition Cost, normal purchase price Full call number Barcode Copy number Cost, replacement price Koha item type
      Reference Central Library Central Library 11/09/2012 RBC/27483/06.02.12/26/18.01.12/17.02.12 1850.00 745.6707454 GOS B-463642 1 1850.00 English Books

© Delhi Public Library
Hit Counter
free hit counter